Представление документа в формате MARC21

Поле Инд. ПП Название Значение
Тип записи a
Библиографический уровень m
001 Контрольный номер DU/540922927
005 Дата корректировки 20241220111015.0
008 Кодируемые данные 20160609
020 a ISBN 978-5-369-01551-3
040 b Код языка каталог. rus
e Правила каталог. PSBO
041 0_ a Код языка текста rus
084 a Индекс другой классификации/Индекс ББК 65.050.14я73; 67.401(2Рос)я73; 67.401.02(2Рос)я73; 67.401.03(2Рос)я73; 65.050.23я73; 67.400.7(2Рос)я73; 67.404(2Рос)я73; 67.404.2(2Рос)я73; 65.01я73; 65.050.0я73; 67.0я73; 65.050.2я73; 65.050.11я73
100 1_ a Автор Орешин В. П.
q Полное имя Орешин Валерий Петрович
245 10 a Заглавие Государственное и муниципальное управление
b Продолж. заглавия учебное пособие
250 a Основные сведения об издании 2-е изд.
260 a Место издания Москва
b Издательство РИОР
b Издательство ИНФРА-М
c Дата издания 2019
300 a Объем 178 с.
336 a Термин вида содержания Текст
337 a Термин типа средства электронный
440 _0 a Серия Высшее образование: Бакалавриат
504 a Библиография Лит.: с. 174
521 0_ a Примеч. о целев. назн. бакалавриат
541 1_ a Номер заявки 6341
b Заявитель Прислонов Н.Н.
c Факультет/Кафедра/Подразделение Кафедра государственного и муниципального управления
d Дата заявки 10.02.2017
f Дисциплина основы СГМУ и Организация деятельности органов местноц власти
h Уровень подготовки Бакалавриат
n Количество экземпляров 4
650 04 a Основная рубрика управление экономикой
a Основная рубрика экономика
653 0_ a Ключевые слова автономия
a Ключевые слова англосаксонская модель
a Ключевые слова безработица
a Ключевые слова бюджет
a Ключевые слова бюджетирование
a Ключевые слова бюджетная политика
a Ключевые слова внебюджетные фонды
a Ключевые слова внешнеторговая политика
a Ключевые слова внешнеэкономическая деятельность
a Ключевые слова государственная политика
a Ключевые слова государственная экономическая политика
a Ключевые слова государственное регулирование экономики
a Ключевые слова государственное стимулирование
a Ключевые слова государственное управление
a Ключевые слова государственные органы
a Ключевые слова государственные служащие
a Ключевые слова государственный бюджет
a Ключевые слова государство
a Ключевые слова делегирование полномочий
a Ключевые слова демократический капитализм
a Ключевые слова денежно-кредитная политика
a Ключевые слова доходы местного бюджета
a Ключевые слова законодательная власть
a Ключевые слова занятость населения
a Ключевые слова инвестиции
a Ключевые слова инвестиционная деятельность
a Ключевые слова инвестиционные процессы
a Ключевые слова индекс потребительских цен
a Ключевые слова индикативный план
a Ключевые слова инновационное развитие
a Ключевые слова исполнительная власть
a Ключевые слова континентальная модель
a Ключевые слова межотраслевое моделирование
a Ключевые слова межотраслевой баланс
a Ключевые слова местная администрация
a Ключевые слова местное самоуправление
a Ключевые слова местные финансы
a Ключевые слова местный бюджет
a Ключевые слова методы тарифного регулирования
a Ключевые слова модели местного самоуправления
a Ключевые слова модели эффективного государства
a Ключевые слова модель Леонтьева
a Ключевые слова модель Харрода-Домара
a Ключевые слова мониторинг
a Ключевые слова мотивация
a Ключевые слова муниципальное самоуправление
a Ключевые слова муниципальное управление
a Ключевые слова муниципальные заимствования
a Ключевые слова муниципальные образования
a Ключевые слова муниципальные органы
a Ключевые слова муниципальный мониторинг
a Ключевые слова налоги
a Ключевые слова налоговая система
a Ключевые слова национальная экономика
a Ключевые слова общественное воспроизводство
a Ключевые слова органы государственной власти
a Ключевые слова планирование
a Ключевые слова полномочия органов государственной власти
a Ключевые слова прогнозирование экомической динамики
a Ключевые слова производственная функция Кобса-Дугласа
a Ключевые слова расходы местного бюджета
a Ключевые слова Российская Федерация
a Ключевые слова Россия
a Ключевые слова рынок труда
a Ключевые слова система балансовых уравнений
a Ключевые слова Солоу функция
a Ключевые слова социально-экономическое развитие
a Ключевые слова структура экономики
a Ключевые слова теория государства
a Ключевые слова Тимберген функция
a Ключевые слова унитарное государство
a Ключевые слова федеральные округа
a Ключевые слова федеративное государство
a Ключевые слова функции государства
a Ключевые слова функция Анчишкина
a Ключевые слова школы государственного управления
a Ключевые слова экономическое развитие
655 a Жанр/ форма (устаревшее) учебное пособие
856 40 a Имя сервера/домена ЭБС ZNANIUM
d Путь http://znanium.ru/
i Указания/сценарий входа Доступ по логину и паролю
u URL https://znanium.ru/catalog/product/1002051
v Время доступа к ресурсу 31.12.2025
y Справочный текст Электронная версия
900 a Имя электронного ресурса obl_Orehin_Gosudarstvennoe
x Справочная информация Обложка
900 x Справочная информация Полный текст
901 t Тип документа 0
952 a Тип литературы для КСУ ВШ УИ